| 000 | 00000nam##2200000za#4500 |
| 001 | 9.577336 |
| 003 | CaOODSP |
| 005 | 20210624185549 |
| 007 | cr ||||||||||| |
| 008 | 150406|1998||||xxc|||||o f|0| 0 eng|d |
| 040 | |aCaOODSP|beng |
| 043 | |an-cn--- |
| 086 | 1 |aFs97-13/1045E-PDF |
| 110 | 1 |aCanada. |bDepartment of Fisheries and Oceans. |
| 245 | 12|aA revised guide to the Great Lakes Fisheries Specimen Bank Data Base (1977 to 1997) / |h[electronic resource]|cby R.M. Kiriluk ... [et al.] |
| 260 | |aBurlington - Ontario : |bFisheries and Oceans Canada |c1998. |
| 300 | |a61p.|bfigs., references, tables |
| 490 | 1 |aCanadian data report of fisheries and aquatic sciences|vNo. 1045 |
| 500 | |aOn t.p.: Great Lakes Laboratory, Burlington, Ontario. The catalogue number and ISSN for the print edition appear in the PDF version. |
| 546 | |a(Résumé en français) |
| 590 | |a13-21-Supp|b2013-09-16 |
| 720 | 1 |aKiriluk, R. M. |
| 830 | #0|aCanadian data report of fisheries and aquatic sciences ;|vNo. 1045|w(CaOODSP)9.505124 |
| 856 | 40|ahttp://publications.gc.ca|qPDF|s18,098 KB|uhttps://publications.gc.ca/collections/collection_2013/mpo-dfo/Fs97-13-1045-eng.pdf|yNo. 1045 |